| 000 | 00508nam a2200193 a 4500 | ||
|---|---|---|---|
| 001 | 1776331654462 | ||
| 003 | YourLibrary | ||
| 005 | 20260416150023.0 | ||
| 008 | 260416s2009##################000#0#eng## | ||
| 020 | _a9788170121602 | ||
| 082 | 0 | 4 |
_a348.5404605 _bSUR |
| 100 | 1 |
_aMalik, Surendra, _eauthor. |
|
| 245 | 1 | 0 | _aSupreme Court Yearly Digest, 2008 : |
| 260 | _c2009. | ||
| 300 | _a1675 pages | ||
| 650 | 0 | _aLaw reports, digests, etc. | |
| 942 | _cENGLISH | ||
| 040 |
_aYourLibrary _beng _cYourLibrary |
||
| 999 |
_c619562 _d619562 |
||